Jonathan's General Knowledge #7 - Statistics

General Stats
  • This quiz has been taken 681 times
  • The average score is 8 of 20
Answer Stats
# Hint Answer % Correct
11 Which French 'national day' takes place on July 14? Bastille Day
80%
2 What was the first movie released by Pixar? Toy Story
78%
1 At McDonald's, what is the product name for ice-cream mixed with candy or cookies? McFlurry
72%
6 Which famous singer wrote a song about Folsom Prison, and later performed there? Johnny Cash
70%
10 Westeros and Essos are fictional continents in which television series? Game of Thrones
62%
9 In Greek mythology, who was the wife of Zeus? Hera
56%
4 Which Libyan 'colonel' was ousted and killed in 2011? Gaddafi
50%
8 The southernmost point of mainland England lies in which county? Cornwall
45%
5 How many years did the Hundred Years war last for? 116
38%
13 In which country does Red Stripe beer originate? Jamaica
36%
17 Who wrote the vampire romance series Twilight? Stephenie Meyer
36%
14 What is the official summer sport of Canada? Lacrosse
32%
15 Who has been Elton John's songwriting partner since 1967? Bernie Taupin
31%
20 What is the volume (in centimetres cubed) of a cube with edges of length 12cm? 1728
29%
18 What does the Latin phrase 'tempus fugit' mean in English? Time Flies
28%
7 Who wrote Finnegans Wake? James Joyce
27%
16 In which city will you find the Arndale Centre? Manchester
22%
19 The bell tower of Moscow's Kremlin is named after which historic figure? Ivan The Great
8%
12 Which chess world champion has also modelled for G-Star Raw? Magnus Carlsen
6%
3 The famous Sidari beach is found on which island? Corfu
5%
No matching quizzes found
Score Distribution
Percent of People with Each Score
Percentile by Number Answered
Your Score History
You have not taken this quiz